01073nam a2200253 a 45000010005000000030005000050050017000100080041000270200015000680400020000831000031001032450127001342600053002613000019003144900045003335000102003786500070004806500057005506500045006077000033006529420013006859990015006989520106007132658CDMR20131212135400.0130130s1985||||||||||||||||||||||||||||d a8431308761 aCDMRbcatcCDMR1 aClutterbuck, Richard9199114aLos medios de comunicación y la violencia políticacRichard Clutterbuck ; edición española a cargo de Carlos Soria aPamplonac1985bEdiciones Universidad de Navarra a269 p ;c21 cm0 aCiencias de la información (EUNSA)v47 aa la contracoberta: Fundación Academia Nacional de Ciencias y Artes del Cine y la Televisión 04aConflictes socials en els mitjans de comunicació de massa9382004aTerrorisme i mitjans de comunicació de massa919940492305aComunicacióxAspectes polítics1 aSoria, Carloseed. lit.9520 cMON2udc c2658d2658 00104070aCDMRbCDMRd2013-01-16l1m1oCapCDMR1312613570r2013-11-22s2013-11-22w2013-01-16yMON